1494 1994 1046 1142 1361 1175 1994 1142 1780 1212 1555 1503 1098 1836 1398 1993 1594 1776 1859 1564 1247 1251 1264 1543 1252 1097 1898 1891 1143 1979 1609 1435 1957 1844 1128 1033 1147 1616 1679 1456 1914 1739 1152 1806 1356 1838 1755 1168 1484 1525 1419 1988 1844 1978 1762 1454 1988 1485 1822 1436 1074 1142 1547 1540 1322 1643 1623 1307 1233 1990 1719 1669 1635 1846 1445 1634 1556 1348 1086 1133 1953 1149 1406 1042 1741 1634 1474 1165 1456 1565 1293 1420 1976 1952 1656 1470 1862 1183 1075 BCNSPRNW ULIB Ver.6.0+V

เปลี่ยนเป็นภาษาไทย

Change to English
 แสดงรายละเอียดบรรณานุกรม
  กลับหน้าหลัก

Brief Record : Get Marc (ISO 2709) : E-mail record : QR code < ปิดหน้าต่าง
LEADER : 00000nam 2200000uu 4500
001    13399111008
003     ULIB
008    110614s||||||||th 000 0 tha d
020    9786117046421
050 04 AE71^bว366ล 2552
100 0  Richard Walker
245 10 โลกพิศวง ของ ร่างกายมนุษย์ /^cโดย Richard Walker , แปล ; ปรียารัตน์ มาอินทร์
250    พิมพ์ครั้งที่ 1
260    กรุงเทพฯ :^bเนชั่น เอ็กมอนท์,^c2552
300    64 หน้า :^bภาพประกอบสี
650  7 ความรู้ทั่วไป
650  7 ร่างกายมนุษย์
700 0  ปรียารัตน์ มาอินทร์,^eแปล
700 0  กฤติกา ชินพันธ์,^eบรรณาธิการ
945    ^p395^l0^i027242
995    ทศพร
999 ^a ใช้งานได้ทุกระบบ
รายการนี้ยังไม่มีแท็ก
คุณยังไม่ได้ล็อกอิน คุณสามารถมีกิจกรรมร่วมกับเว็บไซต์ได้ แต่ต้องล็อกอินก่อน ::
  ล็อกอิน

รายการสื่อสารสนเทศ

ลำดับที่ ประเภท เลขเรียก/บาร์โค้ด สถานที่ สถานะ
- ไม่พบข้อมูล -

รายการใกล้เคียง
    ผู้แต่ง [Richard Walker]

    หัวเรื่อง [ความรู้ทั่วไป]
    หัวเรื่อง [ร่างกายมนุษย์]

BibComment


ยังไม่เคยถูกคอมเมนท์

คอมเมนท์ทรัพยากรรายการนี้
  คอมเมนท์: โลกพิศวง ของ ร่าง..


 Copyright 2026. Bcnsprnw @Library